Benedit : 1965-1975
Saved in:
| Main Author: | |
|---|---|
| Format: | Book |
| Language: | Spanish |
| Published: |
Buenos Aires :
Fundación San Telmo,
1988
|
| Subjects: |
| LEADER | 00527nam#a2200205#a#4500 | ||
|---|---|---|---|
| 001 | 003909 | ||
| 005 | 20160721142959.0 | ||
| 008 | 961027s1988####ag##################spa#d | ||
| 040 | |a AR-beUNQ | ||
| 099 | |a 36-B6 | ||
| 100 | 1 | |a Benedit, Luis F | |
| 245 | 0 | 2 | |a Benedit : |b 1965-1975 |c Luis F Benedit. |
| 260 | |a Buenos Aires : |b Fundación San Telmo, |c 1988 | ||
| 300 | |a [13] p. : |b il. | ||
| 650 | 7 | |a ARTES PLASTICAS |2 Spines | |
| 650 | 7 | |a ARTE |2 toit | |
| 651 | 7 | |a ARGENTINA |2 Spines | |
| 929 | |j 19833 | ||
| 942 | |c LIB |n 0 | ||
| 999 | |c 6685 |d 82072 | ||